000 00517nam a2200181Ia 4500
999 _c14455
_d14455
003 OSt
005 20201022101550.0
008 190216s9999||||xx |||||||||||||| ||und||
020 _a8125010688
040 _coclc
082 _a823
_bDES/R
100 _aDeshpande, Shashi
_96042
245 0 _aRoots And Shadows /
_cShashi Deshpande
260 _bDisha Books,
_c1996.
_aHyderabad:
300 _a187p
650 _aEnglish-Literature-Fiction English
942 _cBK
_2ddc
_h823
_iDES/R
_k823
_mDES/R